| 000 | 00616nam a22002057a 4500 | ||
|---|---|---|---|
| 001 | 30875 | ||
| 003 | BD-RjUL | ||
| 005 | 20211209051628.0 | ||
| 008 | 140412b1957 xxu||||| |||| 00| 0 eng d | ||
| 035 | _a(BD-RjUL)30962 | ||
| 040 |
_aBD-RjUL _beng _cBD-RjUL |
||
| 041 | _aeng | ||
| 082 |
_a192 _bBER 1957 |
||
| 100 |
_acalking, mary whiton _993803 |
||
| 245 |
_aBerkley : _bEssay, Principles, Dialogues with selections from other writings / _ced. by Mary whiton calking |
||
| 260 |
_aNew York : _bCharles scribner's sons, _c1957 |
||
| 300 |
_a480 p. ; _c14 cm |
||
| 650 |
_aPhilosophy _vessay _993804 |
||
| 942 |
_2ddc _cBK |
||
| 999 |
_c30875 _d30875 |
||